书目信息 |
| 题名: |
20中国当代青年建筑师
|
|
| 作者: | 黄元炤 著 | |
| 分册: | ||
| 出版信息: | 北京 中国建筑工业出版社 2011.02 |
|
| 页数: | 383页 | |
| 开本: | 21cm | |
| 丛书名: | ||
| 单 册: | ||
| 中图分类: | K826.16 | |
| 科图分类: | ||
| 主题词: | 青年--qing nian--建筑师--生平事迹--中国--现代 | |
| 电子资源: | ||
| ISBN: | 978-7-112-12603-3 | |
| 000 | 01132nam0 2200277 450 | |
| 001 | 297541 | |
| 005 | 20110901134507.56 | |
| 010 | @a978-7-112-12603-3@dCNY36.00 | |
| 100 | @a20110311d2011 em y0chiy50 ea | |
| 101 | 0 | @achi |
| 102 | @aCN@b110000 | |
| 105 | @aa a 000yc | |
| 106 | @ar | |
| 200 | 1 | @a20中国当代青年建筑师@A20 zhong guo dang dai qing nian jian zhu shi@d= 20 Chinese architects@f黄元炤著@zeng |
| 210 | @a北京@c中国建筑工业出版社@d2011.02 | |
| 215 | @a383页@c图@d21cm | |
| 320 | @a有书目 (第381-383页) | |
| 330 | @a本书不同于市场上众多关注国外著名建筑师建筑作品的图书,而将视点放在20位中国当代青年建筑师的杰出代表身上,结合他们的成长经历、教育背景、建筑作品来解读这20位建筑师。本书强调中国当代建筑师在成长过程和从业过程(本科或研究生毕业后10年)中的变化与反思。这些对于初涉建筑领域的毕业生以及各设计院的从业建筑师来说有很多可以借鉴和思考之处。 | |
| 333 | @a一般读者 | |
| 510 | 1 | @a20 Chinese architects@zeng |
| 586 | @a | |
| 606 | 0 | @a青年@Aqing nian@x建筑师@x生平事迹@y中国@z现代 |
| 690 | @aK826.16@v5 | |
| 701 | 0 | @a黄元炤@Ahuang yuan zhao@4著 |
| 801 | 0 | @aCN@c20110610 |
| 905 | @dK826.16@eH910 | |
| 20中国当代青年建筑师= 20 Chinese architects/黄元炤著.-北京:中国建筑工业出版社,2011.02 |
| 383页:图;21cm |
| 使用对象:一般读者 |
| ISBN 978-7-112-12603-3:CNY36.00 |
| 本书不同于市场上众多关注国外著名建筑师建筑作品的图书,而将视点放在20位中国当代青年建筑师的杰出代表身上,结合他们的成长经历、教育背景、建筑作品来解读这20位建筑师。本书强调中国当代建筑师在成长过程和从业过程(本科或研究生毕业后10年)中的变化与反思。这些对于初涉建筑领域的毕业生以及各设计院的从业建筑师来说有很多可以借鉴和思考之处。 |
| ● |
| 相关链接 |
|
|
|
正题名:20中国当代青年建筑师
索取号:K826.16/H910
 
预约/预借
| 序号 | 登录号 | 条形码 | 馆藏地/架位号 | 状态 | 备注 |
| 1 | 1015555 | 210155552 | 自科二线404/309社科库 55排6列1层/ [索取号:K826.16/H910] | 在馆 | |
| 2 | 1015556 | 210155561 | 社科库309/309社科库 55排6列1层/ [索取号:K826.16/H910] | 在馆 | |
| 3 | 1015557 | 210155570 | 自科二线404/309社科库 55排6列1层/ [索取号:K826.16/H910] | 在馆 | |
| 4 | 1015558 | 210155589 | 自科二线404/309社科库 8排2列6层/ [索取号:K826.16/H910] | 在馆 | |
| 5 | 1015559 | 210155598 | 社科库309/309社科库 55排6列1层/ [索取号:K826.16/H910] | 在馆 |